00498nam a2200145 a 450000500170000000800410001702000180005805000250007610000200010124501180012126000480023930000230028744000210031065000210033120140412111249.0050519s19uu xx 00 eng d a971-508-127-4 aFil 398.2bC165 2001 aCanon, Kristine aBakit matagal ang sundo ko? :bwhy is my mommy late? /cstory by Kristine Canon ; illustrations by Mariano Ching. aManila, Philippines :bAdarna House,c2001. a1 v. (unp.) ; ill. aAdarna Karanasan aChildren stories